| 000 | 00826cab a2200277 4500 | ||
|---|---|---|---|
| 001 | WB3433-72 | ||
| 008 | 090401t1998 xxu||||| |||| 00| 0 eng d | ||
| 035 | _a(Sirsi) u88241 | ||
| 041 | _aeng | ||
| 245 | _aFarm crisis | ||
| 260 | _c1998 | ||
| 350 | _a0 | ||
| 490 |
_aDaily Telegraph _v2 September 1998, 9(1) |
||
| 520 | _aA NFU report "Protecting our upland heritage" reports that falling hill farm incomes could mean that landscapes in Snowdonia, the Pennines, the Lake District and Dartmoor are in danger of becoming unmanaged wastelands. | ||
| 650 | _aDARTMOOR | ||
| 650 | _aFARM INCOMES | ||
| 650 | _aHILL FARMING | ||
| 650 | _aLAKE DISTRICT | ||
| 650 | _aLANDSCAPES | ||
| 650 | _aNFU | ||
| 650 | _aPENNINES | ||
| 650 | _aSNOWDONIA | ||
| 690 | _aRURAL PRACTICE | ||
| 942 | _n0 | ||
| 948 | _c02/09/1998 | ||
| 999 |
_c55747 _d55747 |
||